| 000 | 00734nac a22002531i 4500 | ||
|---|---|---|---|
| 003 | EG-ScBUE | ||
| 005 | 20250127091555.0 | ||
| 008 | 250127s2004 ii f de 000 0 eng d | ||
| 020 | _a8182741718 | ||
| 020 | _a9788182741713 | ||
| 040 |
_aEG-ScBUE _beng _erda _cEG-ScBUE _dEG-ScBUE |
||
| 082 | 0 | 4 |
_a530.03 _bENC _222 |
| 245 | 0 | 0 | _aEncyclopadediac dictionary of physics. |
| 250 | _aFirst edition. | ||
| 264 | 1 |
_aNew Delhi : _bPentagon press, _c2004. |
|
| 300 |
_a200 pages : _billustrations ; _c23 cm |
||
| 336 |
_2rdacontent _atext _btxt |
||
| 337 |
_aunmediated _2rdamedia _bn |
||
| 338 |
_avolume _bnc _2rdacarrier |
||
| 650 | 7 |
_aPhysics _vDictionaries. _2BUEsh |
|
| 655 | _vReading book | ||
| 700 | _aBrown, Jack | ||
| 942 |
_cNB _2ddc |
||
| 999 |
_c1607 _d1607 |
||